00429nam a2200085Ia 4500008004100000245011900041260000900160300016000169650001400329180130s9999 xx 000 0 und d cSpaargaren, GertaThe cultural dimension of sustainable consumption practices: an exploration in theory and policy c2013 aBook title: Innovations in sustainable consumption : new economics, socio-technical transitions and social practices--Acession number C17507; pages 229-251 aECONOMICS